Every Song by Europe - Statistics

General Stats
  • This quiz has been taken 7 times
  • The average score is 6 of 142
Answer Stats
Album Song % Correct
The Final Countdown(1986) The Final Countdown
100%
Bag of Bones(2012) Bag of Bones
50%
Last Look at Eden(2009) Last Look at Eden
50%
Prisoners in Paradise(1991) Prisoners in Paradise
50%
The Final Countdown(1986) Rock the Night
50%
Secret Society(2006) Secret Society
50%
Start from the Dark(2004) Start from the Dark
50%
Walk the Earth(2017) Walk the Earth
50%
War of Kings(2015) War of Kings
50%
Wings of Tomorrow(1984) Wings of Tomorrow
50%
The Final Countdown(1986) On the Loose
33%
Non-Album(2023) Hold Your Head Up
17%
Secret Society(2006) Let the Children Play
17%
Walk the Earth(Hidden)(2017) Untitled
17%
Prisoners in Paradise(1991) All or Nothing
0%
Prisoners in Paradise(Bonus)(1991) A Long Time Comin'
0%
Secret Society(2006) Always the Pretenders
0%
Start from the Dark(2004) America
0%
Secret Society(2006) A Mother's Son
0%
War of Kings(2015) Angels (With Broken Hearts)
0%
Wings of Tomorrow(1984) Aphasia
0%
Prisoners in Paradise(1991) Bad Blood
0%
Bag of Bones(Bonus)(2012) Beautiful Disaster
0%
Prisoners in Paradise(Bonus)(1991) Blame It on Me
0%
Europe(1983) Boyazont
0%
Secret Society(2006) Brave and Beautiful Soul
0%
Prisoners in Paradise(Bonus)(1991) Break Free
0%
Bag of Bones(2012) Bring It All Home
0%
On the Loose(1985) Broken Dreams
0%
War of Kings(2015) California 405
0%
Last Look at Eden(2009) Catch That Plane
0%
The Final Countdown(1986) Cherokee
0%
War of Kings(2015) Children of the Mind
0%
Europe(1983) Children of This Time
0%
Out of This World(1988) Coast to Coast
0%
Wings of Tomorrow(1984) Dance the Night Away
0%
The Final Countdown(1986) Danger on the Track
0%
War of Kings(2015) Days of Rock 'N' Roll
0%
Bag of Bones(2012) Demon Head
0%
Secret Society(2006) Devil Sings the Blues
0%
The Final Countdown(1986) Carrie
0%
Rock the Night: The Very Best of Europe(2004) Here Comes the Night
0%
Rock the Night: The Very Best of Europe(2004) Long Time Coming
0%
Bag of Bones(2012) Doghouse
0%
Prisoners in Paradise(Bonus)(1991) Don't Know How to Love No More
0%
Wings of Tomorrow(1984) Dreamer
0%
Bag of Bones(2012) Drink and a Smile
0%
Walk the Earth(2017) Election Day
0%
Europe(1983) Farewell
0%
Bag of Bones(2012) Firebox
0%
Start from the Dark(2004) Flames
0%
Secret Society(2006) Forever Travelling
0%
Prisoners in Paradise(1991) Girl from Lebanon
0%
Last Look at Eden(2009) Gonna Get Ready
0%
Start from the Dark(2004) Got to Have Faith
0%
Prisoners in Paradise(1991) Got Your Mind in the Gutter
0%
Walk the Earth(2017) GTO
0%
Prisoners in Paradise(1991) Halfway to Heaven
0%
Walk the Earth(2017) Haze
0%
The Final Countdown(1986) Heart of Stone
0%
Start from the Dark(2004) Hero
0%
War of Kings(2015) Hole in My Pocket
0%
Prisoners in Paradise(1991) Homeland
0%
Secret Society(2006) Human After All
0%
Prisoners in Paradise(1991) I'll Cry for You
0%
Last Look at Eden(2009) In My Time
0%
Europe(1983) In the Future to Come
0%
Prisoners in Paradise(Bonus)(1991) I Want Your Love
0%
Out of This World(1988) Just the Beginning
0%
Walk the Earth(2017) Kingdom United
0%
Out of This World(1988) Let the Good Times Rock
0%
War of Kings(2015) Light It Up
0%
Out of This World(1988) Lights and Shadows
0%
Prisoners in Paradise(1991) Little Bit of Lovin'
0%
Prisoners in Paradise(Bonus)(1991) Little Sinner
0%
The Final Countdown(1986) Love Chaser
0%
Secret Society(2006) Love Is Not the Enemy
0%
Wings of Tomorrow(1984) Lyin' Eyes
0%
Europe(1983) Memories
0%
Bag of Bones(2012) Mercy You Mercy Me
0%
Last Look at Eden(2009) Mojito Girl
0%
Out of This World(1988) More Than Meets the Eye
0%
Prisoners in Paradise(Bonus)(1991) Mr. Government Man
0%
Bag of Bones(2012) My Woman My Friend
0%
Prisoners in Paradise(Bonus)(1991) Never Gonna Say Goodbye
0%
Out of This World(1988) Never Say Die
0%
Last Look at Eden(2009) New Love in Town
0%
The Final Countdown(1986) Ninja
0%
Last Look at Eden(2009) No Stone Unturned
0%
War of Kings(2015) Nothin' to Ya
0%
Bag of Bones(2012) Not Supposed to Sing the Blues
0%
The Final Countdown(Bonus)(1986) On Broken Wings
0%
Last Look at Eden(2009) Only Young Twice
0%
Out of This World(1988) | Wings of Tomorrow(1984) Open Your Heart
0%
Europe(1983) Paradize Bay
0%
Walk the Earth(2017) Pictures
0%
War of Kings(2015) Praise You
0%
Last Look at Eden(2009) Prelude
0%
War of Kings(2015) Rainbow Bridge
0%
Prisoners in Paradise(Bonus)(1991) Rainbow Warrior
0%
Out of This World(1988) Ready or Not
0%
Start from the Dark(2004) Reason
0%
Bag of Bones(2012) Requiem
0%
Bag of Bones(2012) Riches to Rags
0%
Start from the Dark(2004) Roll with You
0%
Last Look at Eden(2009) Run with the Angels
0%
Wings of Tomorrow(1984) Scream of Anger
0%
Start from the Dark(2004) Settle for Love
0%
Europe(1983) Seven Doors Hotel
0%
Prisoners in Paradise(1991) Seventh Sign
0%
Out of This World(1988) Sign of the Times
0%
Start from the Dark(2004) Song No. 12
0%
Start from the Dark(2004) Spirit of the Underdog
0%
Wings of Tomorrow(1984) Stormwind
0%
Prisoners in Paradise(Bonus)(1991) Stranded
0%
Start from the Dark(2004) Sucker
0%
Out of This World(1988) Superstitious
0%
1982–1992(1993) Sweet Love Child
0%
Prisoners in Paradise(1991) Talk to Me
0%
Last Look at Eden(2009) The Beast
0%
Secret Society(2006) The Getaway Plan
0%
Europe(1983) The King Will Return
0%
War of Kings(2015) The Second Day
0%
Walk the Earth(2017) The Siege
0%
Prisoners in Paradise(1991) 'Til My Heart Beats Down Your Door
0%
The Final Countdown(1986) Time Has Come
0%
Out of This World(1988) Tomorrow
0%
Out of This World(1988) Tower's Callin'
0%
Wings of Tomorrow(1984) Treated Bad Again
0%
Walk the Earth(2017) Turn to Dust
0%
Last Look at Eden(2009) U Devil U
0%
War of Kings(Bonus)(2015) Vasastan
0%
Start from the Dark(2004) Wake Up Call
0%
Prisoners in Paradise(Bonus)(1991) Wanted Man
0%
Wings of Tomorrow(1984) Wasted Time
0%
Walk the Earth(2017) Whenever You're Ready
0%
Prisoners in Paradise(Bonus)(1991) Wild Child
0%
Secret Society(2006) Wish I Could Believe
0%
Walk the Earth(2017) Wolves
0%
Europe(1983) Words of Wisdom
0%
Prisoners in Paradise(Bonus)(1991) Yesterday's News
0%
No matching quizzes found
Score Distribution
Percent of People with Each Score
Percentile by Number Answered
Your Score History
You have not taken this quiz